| 000 | 00600nam a2200229Ia 4500 | ||
|---|---|---|---|
| 003 | OSt | ||
| 005 | 20220928144102.0 | ||
| 006 | a|||||r|||| 00| 0 | ||
| 007 | ta | ||
| 008 | 220927b |||||||| |||| 00| 0 eng d | ||
| 024 | _a24203 | ||
| 037 | _cTextual | ||
| 040 |
_aSDCL _cSDCL _beng |
||
| 041 |
_2eng _aeng |
||
| 082 | _aI:68, N0 | ||
| 100 |
_aLamb Christopher J Ed. _9506856 |
||
| 245 | 0 | _aPlant gene transfer. | |
| 260 | _c1990 | ||
| 700 |
_a Beachy Roger N Ed. _9506857 |
||
| 942 |
_hI:68, N0 _cTEXL _2CC |
||
| 999 |
_c826118 _d826118 |
||